| 000 | 00000nam 2200000zi 4500 |
| 001 | 9.938699 |
| 003 | CaOODSP |
| 005 | 20250721151346 |
| 006 | m o d f |
| 007 | cr cn||||||||| |
| 008 | 240527t20242024oncbdo ob f000 0 eng d |
| 020 | |a9780660721194 |
| 040 | |aCaOODSP|beng|erda|cCaOODSP |
| 043 | |an-cn--- |
| 086 | 1 |aM134-72/2024E-PDF |
| 245 | 00|aPowering Canada : |ba blueprint for success : final report / |cCanada Electricity Advisory Council. |
| 264 | 1|a[Ottawa] : |bNatural Resources Canada, |c2024. |
| 264 | 4|c©2024 |
| 300 | |a1 online resource (168 pages) : |bmaps, graphs, photographs |
| 336 | |atext|btxt|2rdacontent |
| 337 | |acomputer|bc|2rdamedia |
| 338 | |aonline resource|bcr|2rdacarrier |
| 500 | |a"May 2024." |
| 500 | |aIssued also in French under title: L'avenir électrique du Canada : un plan pour réussir la transition : rapport final. |
| 504 | |aIncludes bibliographical references. |
| 520 | |a"Now, Canada is about to embark on another great challenge: completing the decarbonization of its existing grids while vastly expanding electricity production and use. This report is about the pragmatic approaches Canada needs today to succeed in this endeavour"--Page 7. |
| 530 | |aIssued also in printed form. |
| 650 | 0|aElectric power systems|zCanada. |
| 650 | 0|aClean energy|xGovernment policy|zCanada. |
| 650 | 0|aIndigenous peoples|zCanada|xGovernment relations. |
| 710 | 1 |aCanada. |bNatural Resources Canada, |eissuing body. |
| 775 | 08|tL'avenir électrique du Canada : |w(CaOODSP)9.938700 |
| 776 | 0#|tPowering Canada : |w(CaOODSP)9.938701 |
| 856 | 40|qPDF|s15.82 MB|uhttps://publications.gc.ca/collections/collection_2024/rncan-nrcan/M134-72-2024-eng.pdf |
| 856 | 4 |qHTML|sN/A|uhttps://natural-resources.canada.ca/our-natural-resources/energy-sources-distribution/electricity-infrastructure/the-canada-electricity-advisory-council/powering-canada-blueprint-for-success/25863 |